[Event "2nd Silman TNM: 2000+"]
[Site "San Francisco"]
[Date "2025.06.03"]
[Round "5.3"]
[White "Cremisi, Daniel"]
[Black "Das, Rohan"]
[Result "1/2-1/2"]
[Annotator "TA"]
[WhiteElo "2380"]
[BlackElo "2099"]
[PlyCount "116"]
[GameId "2185671328270066"]
[EventDate "2025.??.??"]

{[%evp 23,116,22,31,0,0,0,9,-65,-62,-87,-102,-204,-201,-280,-279,-242,-21,-33,-38,-28,-35,-90,-91,-122,-114,-111,-119,-116,-98,-120,-30,-124,-139,-222,-231,-233,-234,-231,-229,-285,-283,-281,-274,-285,-265,-393,-391,-376,-97,-98,-15,-14,-24,-77,-80,-175,-87,-79,-71,-69,-22,-87,-14,-101,-119,-167,-151,-162,-157,-459,-446,-416,-265,-307,0,0,0,0,0,-481,-465,-521,-508,-588,0,0,0,0,0,0,0,0,0,0,0]} 1. d4 d5 {[%emt 0:00:07]} 2. c4 {[%emt 0:00:01]} e6 {[%emt 0:00:05]} 3. Nc3 {[%emt 0:00:05]} Nf6 {[%emt 0:00:03]} 4. cxd5 {[%emt 0:00:04]} exd5 {[%emt 0:00:04]} 5. Bg5 {[%emt 0:00:03]} c6 {[%emt 0:00:06]} 6. e3 {[%emt 0:00:05]} Be7 {[%emt 0:00:03]} 7. Bd3 {[%emt 0:00:05]} Nbd7 {[%emt 0:00:04]} 8. Qc2 {[%emt 0:00:07]} O-O {[%emt 0:00:05]} 9. Nge2 {[%emt 0:00:07]} Re8 {[%emt 0:00:04]} 10. O-O {[%emt 0:00:08]} Nf8 {[%emt 0:00:02]} 11. Rad1 {[%emt 0:00:30]} Be6 {[%emt 0:00:05]} 12. f3 {[%emt 0:00:24]} Rc8 {[%emt 0:00:19]} 13. e4 {[%emt 0:01:27] D36: Queen's Gambit Declined: Exchange Variation: Main line (5 Bg5 c6 6 Qc2).} dxe4 {[%emt 0:03:25]} 14. fxe4 {[%emt 0:00:12]} Ng4 {[%emt 0:00:05]} 15. Bc1 {[%emt 0:03:40]} (15. Bf4 $11) 15... c5 $1 $15 {[%emt 0:15:27]} 16. Bb5 {[%emt 0:04:57]} cxd4 $1 {[%emt 0:05:02]} 17. Bxe8 {[%emt 0:01:47]} (17. Kh1 $17 Qc7 {[%mdl 64] Pin} 18. Bf4) 17... Bc5 $146 {[%emt 0:07:17]} (17... Qxe8 18. Nxd4 Bc4 19. Rf4 h5 20. h3 Ne5 21. Nf5 Bc5+ 22. Be3 Ne6 23. Bxc5 Nxf4 {1-0 (61) Mekhitarian,K (2499)-Milos,G (2597) Sao Paulo 2011}) 18. Nxd4 {[%emt 0:26:03]} Bxd4+ {[%emt 0:00:40]} 19. Kh1 {[%emt 0:00:15][%cal Oh2h3] Strongly threatening h3!.} Qb6 $2 {[%emt 0:00:13]} (19... Qc7 $1 $19 {[%csl Gg4][%cal Rc7h2]} 20. Bf4 Be5 21. Bxf7+ (21. Bxe5 $2 Qxe5 22. g3 Ne3 $19) 21... Bxf7) 20. Ba4 $11 {[%emt 0:04:38]} Nf2+ $40 {[%emt 0:03:07][%mdl 128] Black has some attack.} 21. Rxf2 $1 {[%emt 0:00:05]} Bxf2 {[%emt 0:00:03]} 22. Bb3 {[%emt 0:02:09]} (22. Qe2 $15) 22... Bxb3 $1 $17 {[%emt 0:02:49]} 23. Qxb3 {[%emt 0:00:49]} Qxb3 {[%emt 0:02:00]} 24. axb3 {[%emt 0:00:01]} Ne6 {[%emt 0:00:45]} 25. g3 {[%emt 0:00:37]} Kf8 {[%emt 0:02:05]} 26. Bf4 {[%emt 0:01:26]} Ke7 {[%emt 0:14:18] Repels Rd7+} (26... Ke8 $17 27. Nb5 Rc2 28. Nd6+ Ke7) 27. Bd6+ {[%emt 0:02:29]} (27. Kg2 $11 Bd4 28. Rd3) 27... Ke8 {[%emt 0:00:06]} 28. Ba3 {[%emt 0:01:41]} (28. b4 $17) 28... a6 $1 $19 {[%emt 0:03:37]} 29. Kg2 {[%emt 0:09:23]} Bd4 {[%emt 0:00:53]} 30. Rd3 {[%emt 0:00:25]} Be5 {[%emt 0:03:11]} 31. Kf2 {[%emt 0:01:53]} Nd4 $1 {[%emt 0:03:21]} 32. b4 {[%emt 0:02:08]} Nc2 {[%emt 0:01:49]} 33. Nd5 {[%emt 0:02:03]} Rc4 {[%emt 0:01:42]} 34. b5 {[%emt 0:03:06]} (34. Rd2 {keeps fighting.}) 34... axb5 {[%emt 0:05:27]} 35. Rb3 {[%emt 0:00:08]} b4 {[%emt 0:14:49]} (35... Rxe4 $19 36. Rxb5 Nxa3 37. bxa3 Bd4+ 38. Kf3 Re5) 36. Bxb4 $17 {[%emt 0:01:39]} Rxe4 {[%emt 0:04:25]} (36... Nxb4 $17 37. Nxb4 Rxe4) 37. Bc3 $11 {[%emt 0:01:14]} Bd4+ {[%emt 0:01:27]} 38. Bxd4 {[%emt 0:03:44]} (38. Kf3 $11 Re5 39. Nb4 Ne1+ 40. Kf4 Bxc3 41. bxc3) 38... Rxd4 {[%emt 0:00:47][%mdl 4096] Endgame KRN-KRN. Black is a pawn up.} 39. Nc7+ {[%emt 0:01:35] [#]} (39. Nc3 $17) 39... Kd8 {[%emt 0:00:35]} (39... Kd7 $1 $19 {is more deadly.} 40. Nb5 Rd2+ 41. Kf1 Rxh2) 40. Nb5 $17 {[%emt 0:01:50]} Rd2+ {[%emt 0:01:03]} 41. Kg1 {[%emt 0:00:17]} f6 {[%emt 0:01:50]} (41... Na1 $15 {should be considered.} 42. Rb4 Nc2) 42. h4 {[%emt 0:00:52]} (42. Na3 $11 {remains equal.}) 42... b6 {[%emt 0:00:39]} ({Black should try} 42... Na1 $17 43. Ra3 Nc2 (43... Rxb2 44. Nd6 $17)) 43. Nc3 {[%emt 0:02:01]} (43. Kf1 $11) 43... Kc7 {[%emt 0:01:36]} 44. Ne4 {[%emt 0:00:15]} (44. Na4 $17) 44... Rd4 {[%emt 0:01:28]} 45. Rc3+ {[%emt 0:02:16]} Kb7 {[%emt 0:00:11]} 46. Rxc2 $2 {[%emt 0:00:33]} (46. Nf2 $17 {was the crucial defense.} Rd2 47. Rd3 Rxd3 48. Nxd3) 46... Rxe4 {[%emt 0:00:05] KR-KR. Black is a pawn up.} 47. Kf2 {[%emt 0:00:04]} Re7 {[%emt 0:01:15]} 48. Kf3 {[%emt 0:00:33]} Ka6 $2 {[%emt 0:00:51]} (48... h5 $19 {...Re5 is the strong threat.} 49. Rd2 Kc7) 49. Rc8 {[%emt 0:00:07]} Kb5 {[%emt 0:01:41]} 50. Rb8 {[%emt 0:00:01]} Kc5 {[%emt 0:00:10]} 51. Kf4 $2 {[%emt 0:01:06][%mdl 8192] [#]} (51. Rh8 $11) 51... b5 $1 $19 {[%emt 0:01:15]} 52. g4 {[%emt 0:00:28]} Kc4 {[%emt 0:01:53]} 53. h5 {[%emt 0:01:26]} Re5 $2 {[%emt 0:01:13]} (53... h6 $19 54. Kf5 Re5+ 55. Kg6 Rg5+ 56. Kh7 Rxg4) 54. Rb7 $11 {[%emt 0:00:33] The position is equal.} Rg5 {[%emt 0:00:40]} 55. h6 {[%emt 0:00:18]} gxh6 {[%emt 0:00:31]} 56. Rxh7 {[%emt 0:00:08]} Rg6 {[%emt 0:00:16]} 57. Kf5 {[%emt 0:00:06]} Rg5+ {[%emt 0:00:03]} 58. Kf4 $1 {[%emt 0:00:05]} {Weighted Error Value: White=0.50/Black=0.43} Rg6 {[%emt 0:00:19]} 1/2-1/2

[Event "2nd Silman TNM: 2000+"]
[Site "San Francisco"]
[Date "2025.06.03"]
[Round "5.4"]
[White "Seshadri, Sudarshan"]
[Black "Heiserman, Jimmy"]
[Result "0-1"]
[Annotator "TA"]
[WhiteElo "2022"]
[BlackElo "2306"]
[PlyCount "54"]
[GameId "2185671328270067"]
[EventDate "2025.??.??"]

{[%evp 17,54,9,38,-40,-42,-43,-4,-17,-26,-31,-12,-16,-11,-17,-21,-22,-25,-278,-270,-279,-275,-272,-267,-269,-264,-259,-251,-352,-251,-340,-333,-426,-422,-443,-424,-467,-371,-435,-612]} 1. d4 {[%emt 0:00:03]} Nf6 {[%emt 0:01:17][%cal Bg8f6,Bf6d5,Bd5b6][%mdl 32]} 2. c4 {[%emt 0:00:06]} g6 {[%emt 0:00:06]} 3. g3 {[%emt 0:00:21]} Bg7 {[%emt 0:00:39]} 4. Bg2 {[%emt 0:00:14]} d5 {[%emt 0:01:07]} 5. cxd5 {[%emt 0:01:50]} Nxd5 {[%emt 0:00:05]} 6. Nf3 {[%emt 0:00:36]} Nb6 {[%emt 0:00:14]} 7. O-O {[%emt 0:02:03]} Nc6 {[%emt 0:00:15]} 8. e3 {[%emt 0:02:31]} O-O {[%emt 0:02:21]} 9. Nc3 {[%emt 0:03:51]} a5 {[%emt 0:03:12]} 10. Na4 {[%emt 0:06:53] Recently 10.Qe2 got a lot of attention. D76: Fianchetto Grünfeld: Main Line with 7...Nb6.} (10. Qe2 $14) 10... Nxa4 $15 {[%emt 0:09:46]} 11. Qxa4 {[%emt 0:00:06]} Bd7 {[%emt 0:00:07]} (11... e5 $15) 12. Qb3 {[%emt 0:04:38][%cal Of1d1] The position is equal.} a4 $146 {[%emt 0:27:31]} (12... Qc8 13. Bd2 a4 14. Qa3 e5 15. d5 Na5 16. Rfc1 b6 17. Bb4 Re8 18. Nd2 Qb8 {1-0 (50) Kristinsson,J (2251)-Chan,J (2038) Reykjavik 2015}) 13. Qa3 {[%emt 0:04:05]} Be6 {[%emt 0:08:45]} 14. Bd2 {[%emt 0:04:38]} Bd5 {[%emt 0:01:16]} 15. Rfe1 {[%emt 0:02:20]} Be4 {[%emt 0:00:45]} 16. Qc5 {[%emt 0:10:44]} e5 {[%emt 0:03:12][%cal Re5d4]} {White does not recover from this.} 17. Bb4 $2 {[%emt 0:17:57][%mdl 8192]} (17. Bc3 $11 {and White has nothing to worry.}) 17... b6 $19 {[%emt 0:06:20]} (17... exd4 18. exd4 Bxf3 19. Bxf3 $15) 18. Qc4 {[%emt 0:03:54]} Nxb4 {[%emt 0:00:08][%mdl 64] [#] Overworked Piece} 19. Qxb4 {[%emt 0:00:08]} Qd5 {[%emt 0:00:09] ...exd4 would now be deadly.} 20. Nh4 {[%emt 0:01:49]} Bxg2 {[%emt 0:00:11]} (20... exd4 21. Bxe4 Qxe4 22. Rad1 $19) 21. Nxg2 {[%emt 0:00:09]} exd4 {[%emt 0:00:06]} 22. Red1 {[%emt 0:05:59]} (22. Nf4 $142 Qd7 23. exd4) 22... Qa5 {[%emt 0:03:29]} 23. Qe7 {[%emt 0:06:41]} c5 {[%emt 0:04:47]} 24. exd4 {[%emt 0:02:09]} Bxd4 {[%emt 0:00:09]} 25. Rab1 {[%emt 0:02:31]} Rae8 {[%emt 0:00:44]} 26. Qg5 {[%emt 0:06:24]} Re5 {[%emt 0:02:35]} 27. b4 {[%emt 0:01:13] [#] and Qxe5 would now be decisive} {Weighted Error Value: White=0.59/Black=0.17 (very precise)} axb3 {[%emt 0:01:56]} ({But not} 27... cxb4 28. Qf4 Bc3 29. Ne3 $19) ({Not} 27... Rxg5 28. bxa5 bxa5 29. Rb5 $17) (27... Qa6 $142 28. b5 Qa8) 0-1

[Event "2nd Silman TNM: 2000+"]
[Site "San Francisco"]
[Date "2025.06.03"]
[Round "5.7"]
[White "Tsodikova, Natalya"]
[Black "Bambou, Christophe"]
[Result "1/2-1/2"]
[Annotator "TA"]
[WhiteElo "2246"]
[BlackElo "2119"]
[PlyCount "114"]
[GameId "2185671328270068"]
[EventDate "2025.??.??"]

{[%evp 9,113,30,30,36,49,54,37,38,28,-99,-96,-111,-106,-103,-40,-43,-8,-9,-7,-6,-4,-4,-5,-6,-11,-9,0,0,1,0,0,-18,-18,-46,0,-8,56,0,0,0,0,0,7,0,0,0,0,-3,5,-2,4,0,1,0,0,0,0,0,0,0,0,0,0,0,0,0,0,0,0,0,0,-80,-79,-79,-73,-71,-72,-74,-73,-75,-69,-76,-77,-83,-76,-79,-79,-76,-81,-79,-82,-85,-78,-76,-76,-82,-72,-78,-70,-75,-69,-73,-65,-77,-72,-80]} 1. e4 c6 2. d4 d5 3. e5 c5 4. Nf3 cxd4 5. Qxd4 Nc6 6. Qf4 {B12: Caro-Kann: Advance Variation.} g6 7. Nc3 d4 {[%cal Of8h6] Against Be3} 8. Nb5 {[%cal Oe5e6] And now e6! would win. White is slightly better.} Bh6 9. Ng5 $146 {[#]} (9. Qh4 $1 $11 Bg7 10. Nbxd4) (9. Qh4 Bxc1 10. Rxc1 a6 11. Nbxd4 Nxe5 12. Be2 Qa5+ 13. c3 Nf6 14. O-O Nxf3+ 15. Nxf3 Qxa2 {0-1 (51) Firouzja,A (2760)-Fedoseev,V (2690) Chess.com INT 2024}) 9... Bxg5 $1 $17 10. Qxg5 a6 11. Na3 Qa5+ ({Black should play} 11... Bf5 $17 {and ...Qa5+ should not be overlooked} 12. Qg3 h5) 12. Bd2 $15 Qxe5+ 13. Qxe5 {White sacrificed a pawn} Nxe5 14. Bf4 Nd7 15. O-O-O e5 16. Bxe5 Nxe5 17. Re1 $1 $36 {[%mdl 2048] White is pushing.} Be6 18. Rxe5 b5 {Against Bc4} 19. Bd3 Nf6 20. Rd1 O-O {[%cal Of8d8]} 21. Be4 Nxe4 (21... Rad8 $1 $15 22. Bf3 h5 (22... Bxa2 $2 23. b3 $18)) 22. Rxe4 $11 Rac8 (22... Bxa2 $2 23. b3 $18) (22... d3 $11) 23. Rexd4 ({White should try} 23. Rdxd4 $14 Bxa2 24. Rd6) 23... Bxa2 24. Nb1 Be6 25. Nc3 Rc6 26. R1d2 Kg7 27. g4 h6 28. h4 g5 29. f4 gxf4 (29... gxh4 $5 30. f5 $8 Bc4 $15) 30. Rxf4 Rfc8 31. Rg2 Rc4 32. Rgf2 Rxf4 33. Rxf4 Rc4 34. Rxc4 bxc4 {[%mdl 4096] Endgame KB-KN} 35. g5 hxg5 36. hxg5 Kg6 37. Kd2 a5 38. Ne4 Bd5 39. Nd6 Kxg5 40. Nxf7+ Bxf7 {KB-KPP} 41. b3 {[#]} a4 $1 42. bxc4 Bxc4 $17 {KB-KP} 43. Kc1 Kf4 (43... a3 $2 44. Kb1 $19) 44. Kb2 Ke3 45. Ka1 Ke2 46. Kb1 Kd2 47. Ka1 Kc3 48. Kb1 Bf7 49. Ka1 Bb3 50. Kb1 Bd5 51. Ka1 Bf3 52. Kb1 Bd1 53. Ka1 Kxc2 54. Ka2 Kc1 55. Ka1 $1 Bc2 56. Ka2 Be4 57. Ka1 {Weighted Error Value: White=0.11 (very precise) /Black=0.08 (flawless)} Bb1 1/2-1/2

[Event "2nd Silman TNM: 2000+"]
[Site "San Francisco"]
[Date "2025.06.03"]
[Round "5.8"]
[White "Shrauger, Alex Hayden"]
[Black "Parsons, Stephen"]
[Result "1-0"]
[Annotator "Parsons,Stephen"]
[WhiteElo "2206"]
[BlackElo "1840"]
[PlyCount "63"]
[GameId "2186237930263249"]
[EventDate "2025.??.??"]

1. e4 c5 2. Nc3 Nc6 3. Bb5 d6 4. Bxc6+ bxc6 5. f4 Nf6 6. Nf3 e6 7. O-O Be7 8. d3 d5 9. Qe2 O-O 10. b3 Qa5 11. Bd2 Qc7 12. Na4 a5 13. Kh1 c4 14. bxc4 dxe4 15. dxe4 Ba6 16. Rfb1 Rfb8 17. Rb3 Rb7 18. Rab1 Rab8 19. e5 Nd7 20. Be3 $2 (20. f5 $1 exf5 (20... Nc5 21. Nxc5 Bxc5 22. f6 Bf8) 21. e6 $1 Nf6 22. Ng5) 20... c5 21. Nc3 Qc6 22. Nd2 a4 23. Rxb7 Rxb7 24. Rf1 Rb2 25. Qd3 Nb6 26. Nce4 Rb4 (26... Nxc4 $1 27. Nxc4 Bxc4 28. Qxc4 Rb4 29. Qd3 Qxe4 $15) (26... Rxa2 27. Bxc5 Bxc5 28. Nxc5 Qxc5 29. Qd8+ Qf8 30. Qxb6 {Not a line we discussed after the game}) 27. Rd1 Nxc4 28. Nxc4 Bxc4 $4 (28... Rxc4 $1 29. Ng5 (29. Rb1 Rb4 30. Rxb4 Bxd3 $4 (30... cxb4 $1) 31. Rb8+ Bf8 32. Bxc5 h5 33. Rxf8+ Kh7 34. cxd3 {Alex's calculation after the game, but missing the simple 30 ...cxb4!}) 29... g6 30. Qd7 Qxd7 31. Rxd7 $15) 29. Qd8+ Bf8 30. Bxc5 h6 31. Nf6+ gxf6 32. Qxf8+ 1-0

[Event "2nd Silman TNM: 2000+"]
[Site "San Francisco"]
[Date "2025.06.03"]
[Round "5.9"]
[White "Diller, Bradley R"]
[Black "Bayaraa, Chinguun"]
[Result "0-1"]
[Annotator "Diller,Brad"]
[WhiteElo "2070"]
[BlackElo "2176"]
[PlyCount "94"]
[GameId "2185671328270070"]
[EventDate "2025.??.??"]

1. c4 Nf6 2. g3 e6 3. Bg2 d5 4. Nf3 c6 5. b3 b5 6. O-O Be7 7. Bb2 O-O 8. d3 a5 9. cxb5 cxb5 10. Nc3 b4 11. Na4 Bd7 12. Rc1 Na6 13. Ne5 Rc8 (13... Bxa4 $142 14. bxa4 Rc8 $11) 14. Rxc8 Qxc8 15. Nb6 Qc7 16. Nbxd7 Nxd7 17. Qa1 $14 f6 18. Rc1 Ndc5 19. Nf3 Qb6 20. Nd4 Nc7 21. Rc2 g6 {I played Qc1 with the idea of sacrificing my knight after the e5 and d4, but got chicken at the last minute.} 22. Qc1 e5 23. Nf3 d4 24. Nd2 $2 ({I strongly considered this sacrifice and did not see any immediate way to regain the sacriificed material. I failed to see that Be3 threatening to regain the piece with d4 is devastating, for example:} 24. Nxd4 $1 exd4 25. Bxd4 N7a6 26. Be3 $1 {Qb5 getting out of the pin is virtually forced. Any other move is noticably inferior.} Qb5 (26... Qd8 27. d4 Ne6 28. Rc6 $18) 27. d4 Ne6 {28 Rc6 is very strong. The knight on a6 is stranded and black is very weak on the white squares. For example, see the following lines:} 28. Rc6 Nd8 29. Rc8 Nf7 $1 (29... Kf7 30. Bh6 Re8 31. e3 $18) (29... Ne6 30. Qc6 Qxc6 31. Rxc6 Nec7 32. Bf4 Bd8 33. e3 g5 34. Bd6 Rf7 35. Rb6 h5 36. Bh3 h4 37. Bf1 Rd7 38. Bh3 Rf7 39. gxh4 gxh4 40. Bc8 $18) 30. Rxf8+ Kxf8 (30... Bxf8 31. Qc8 $18) 31. Qc8+ Nd8 $18) ({24 Bf1 supporting e3 to break up black's control over the center was better than 24 Nd2 that I played because it allows black to gain a slight advantage with 24 ... Nb5.} 24. Bf1 Nd5 25. e3) 24... Rd8 $2 (24... Nb5 $142 25. Nc4 Qd8 {This exchange of material is virtually forced because otherwise black gets a significant advantage with Nc6.} 26. Nxa5 Nxd3 27. exd3 Qxa5 28. Rc6 Nc3 29. Qd2 f5 30. h4 $15) {I breathed a sigh of relief after black failed to play 24... Nb5. This prevents the aforementioned knight manouever and secures me a slight advantage.} 25. Ne4 $1 N7e6 26. Nxc5 Bxc5 27. h4 f5 {I found this interesting manouever with Rc1 followed by Qc2 and Qd5 leading to an exchange of queens where I have a slight advantage because of my control of the light squares. I did consider 28 h5 but I did not feel entirely comfortable with g5 and the isolation of my h pawn. However, according to Stockfish, it was the way to go gain more winning chances.} 28. Qd2 (28. h5 $142 g5 29. a3 Qd6 30. axb4 axb4 31. Rd2 Qa6 32. Qb1 $14) 28... Qd6 29. Rc1 Rc8 30. Qc2 Rc7 31. Qc4 Kf7 32. Qd5 Qxd5 33. Bxd5 $2 Kf6 {Here is where I started going bonkers in very slight time pressure with about 30 minutes left. My light squared bishop was key to my advantage. I should played simply 34 Bc4. If black places the knight on b5 or d5, I can simply lop it off. After this move, I lose any winning chances.} 34. Bxe6 $2 (34. Bc4 Ba7) 34... Kxe6 35. Rc4 Kd5 36. Bc1 e4 37. Bf4 Re7 38. Kf1 Re6 39. Rc2 $2 ({I played much too quickly when I had more than adequate time to find the correct strategy to hold this position. I should have simply played 39 Bd2 to prevent the a4 push because the b pawn would be captured. I do not see any plan for black to make progress.} 39. Bd2 Ra6 40. Kg1) 39... Ra6 40. Ke1 a4 41. Bc1 $4 ({This is an outrageous blunder, again played too fast. Simply 41 bxa4 holds and I did consider this move, but foolishly played 41Bc1 and failed to consider 42 ... Ra1 which simply wins.} 41. bxa4 Rxa4 42. Rb2 e3) 41... axb3 42. axb3 Ra1 $1 43. Kd2 e3+ 44. fxe3 dxe3+ 45. Kd1 Bd4 46. Rc4 Bb2 47. Rc2 {Zugzwang! I let my remaining time run out.} Bc3 0-1

[Event "2nd Silman TNM: 2000+"]
[Site "San Francisco"]
[Date "2025.06.03"]
[Round "5.10"]
[White "Cawthon, Jeremy David"]
[Black "Paragiri, Reyansh"]
[Result "0-1"]
[WhiteElo "2009"]
[BlackElo "2015"]
[PlyCount "106"]
[GameId "2185671328270071"]
[EventDate "2025.??.??"]

1. e4 c5 2. c3 Nf6 3. e5 Nd5 4. d4 cxd4 5. Nf3 Nc6 6. Bc4 Nb6 7. Bb3 d5 8. exd6 Qxd6 9. O-O Be6 10. Bxe6 Qxe6 11. Nxd4 Qd7 12. Nb5 O-O-O 13. Qe2 a6 14. Be3 Nd5 15. Na7+ Kb8 16. Nxc6+ Qxc6 17. Rd1 Rc8 18. Bd4 e6 19. Nd2 f6 20. c4 Nf4 21. Qg4 Bd6 22. Be3 g5 23. Qf3 Qc7 24. c5 Bxc5 25. Rac1 Qe7 26. Bxf4+ gxf4 27. Qxf4+ e5 28. Qf5 Bd4 29. b3 Qa3 30. Rxc8+ Rxc8 31. Qxh7 Qxa2 32. h3 Qb2 33. Qe4 Rc2 34. Nc4 Qxb3 35. Na5 Qb2 36. Kh1 Rc7 37. f4 Qb6 38. fxe5 fxe5 39. Qd5 Rc5 40. Qg8+ Ka7 41. Nc4 Qb3 42. Rc1 Be3 43. Qg3 Rxc4 44. Re1 Rc3 45. Qxe5 Bb6 46. Qf5 Qc4 47. Qg5 Qc6 48. Kh2 Bc7+ 49. Kg1 Bb6+ 50. Kh2 Bf2 51. Rb1 Rg3 52. Qxg3 Bxg3+ 53. Kxg3 Qg6+ 0-1

[Event "2nd Silman TNM: 2000+"]
[Site "San Francisco"]
[Date "2025.06.03"]
[Round "5.11"]
[White "Gaffagan, Steven"]
[Black "Sawhney, Yuvraj Singh"]
[Result "0-1"]
[Annotator "Winslow,Elliott"]
[WhiteElo "1956"]
[BlackElo "2052"]
[PlyCount "158"]
[GameId "2185671328270072"]
[EventDate "2025.??.??"]

1. d4 Nf6 2. c4 d6 3. Nc3 Nbd7 4. e4 e5 5. Nf3 g6 6. Be2 Bg7 7. d5 Nc5 8. Qc2 a5 9. Bg5 O-O 10. Nd2 h6 11. Bh4 Qd7 12. b3 Nh7 13. O-O f5 14. f3 f4 15. a3 g5 16. Bf2 h5 17. b4 axb4 18. axb4 Rxa1 19. Rxa1 Na6 20. c5 Qe7 21. c6 Nb8 22. cxb7 Bxb7 23. Ra7 c6 24. dxc6 Nxc6 25. Nd5 Qf7 26. Rxb7 Qxb7 27. Qxc6 Qxc6 28. Ne7+ Kf7 29. Nxc6 Ke6 {It's bad: here is a bit of the "Let's Check Analysis" thing on Chessbase 18:} (29... d5 30. b5 Ra8 {[%eval 573,30] Stockfish 17.1/Elliott Winslow}) 30. Bc4+ (30. b5 Kd7 31. Ba7 {[%eval 572,21] Stockfish 17.1/Elliott Winslow}) 30... Kd7 31. b5 (31. b5 Nf6 32. Ba7 Kc7 {[%eval 538,24] Stockfish 17.1/Elliott Winslow}) {I think we get the picture.} 31... Ra8 32. Ba7 Nf6 33. Bf7 (33. Bd5) (33. Nb8+ $1 {[%cal Gb5b6]}) 33... Kc7 34. Nc4 Rf8 35. Be6 Nd7 36. Bd5 Nc5 37. h3 Bf6 38. Kf1 Bg7 39. Ke2 Bf6 40. Kd1 Rh8 41. Bb8+ $2 {From "hopelessly won" to "barely won if at all" deserves a "?"} Rxb8 42. Nxb8 Kxb8 43. Nxd6 Be7 $2 ({The best idea (if you're a computer) is:} 43... h4 $1) 44. Nc4 Bf6 45. Kc2 (45. b6 $1 Bd8 (45... h4 46. Kc2 Bd8 47. Nxe5 Bxb6 48. Kc3 {arrives too soon}) 46. Nxe5 Bxb6 47. h4 $1 {(not necessary but it's good to bust up Black's racket)} gxh4 48. Ng6) 45... Kc7 $2 (45... Ka7 $1 {comes very close to not losing :-)} 46. b6+ $6 (46. Bf7 h4 {lots of +- lines but I'm not sure there's progress.}) 46... Ka6 $1 $14) 46. Kc3 $6 {Still winning (, but} (46. b6+ $1 {(followed by bringing the king up) passes a big test; Black won't be resisting much longer.}) 46... Be7 $6 (46... Nd7) (46... Na4+) 47. Nb2 $6 (47. Nxe5 Nxe4+ (47... Bf6 48. Kb4 Nxe4 49. b6+ Kxb6 50. Nc4+) 48. Bxe4 Bf6 49. Kd4 Kd6 50. Bg6 $1 Bxe5+ 51. Ke4 Bf6 52. Kf5 Bd8 53. Bxh5 ({or} 53. h4 $5 {right away:} gxh4 54. Kxf4 Kc5 55. Be8 {is quite won.}) 53... Kc5 54. Be8 Kd5 {and it's hard to throw a rock without hitting a win.}) (47. b6+) 47... Kb6 $6 (47... Nd7) 48. Bc6 Bf6 49. Nc4+ Kc7 50. Bd5 h4 51. b6+ Kb8 {[#]} 52. Na5 $2 {The win just evaporated with this move.} (52. Kb4 Nd3+ 53. Kb5 Be7 (53... Ne1 54. Na5 {mate in the air (#13)}) 54. Na5 Nb4 {when lots of sequences look good. Too precarious for a blockade. Just be careful about trading knights!}) 52... Na4+ {draw.} 53. Kc4 Nxb6+ 54. Kc5 Kc7 55. Bb3 Be7+ 56. Kb5 Nc8 57. Nc4 Na7+ 58. Ka6 Nc6 59. Ba4 Nb4+ 60. Kb5 Nd3 61. Bc2 Ne1 62. Bd1 Bd6 63. Nd2 Nxg2 64. Be2 Ne3 $11 65. Nc4 $4 (65. Nf1 Nc2 66. Bd1 $11) 65... Nc2 $19 66. Bd1 Nd4+ 67. Ka6 {[#]} Kc6 (67... g4 $1 {is what it all hinges on:} 68. fxg4 f3 69. g5 f2 70. Nd2 Kd7 {Stockfish 17.1:} 71. Kb7 Ke6 72. Bg4+ Kf7 73. Bh5+ Kg7 74. Nf1 Be7 75. Kc7 Bxg5 76. Kd6 Kf6 77. Bd1 Bf4 78. Kd5 Kg5 79. Bg4 Nc2 80. Be2 Ne1 81. Bg4 Bg3 {[%cal Gg5f4]}) 68. Ka5 $6 (68. Na5+ {forces Black back to find the right idea. Or not!} Kc5 69. Nb7+) 68... Kc5 {Now Black can win with old-fashioned king penetration.} 69. Nd2 Nc6+ 70. Ka4 Kd4 71. Kb3 Kd3 72. Nf1 Nd4+ 73. Kb2 Bb4 74. Kc1 Ba3+ 75. Kb1 Nb5 76. Bb3 Nc3+ 77. Ka1 Ke2 78. Nh2 Kd2 79. Ng4 Kc1 {A fantastic turnaround for young Sawhney -- and a disaster after such excellent play by Gaffagan; he just couldn't find the next step, and backing up cost him, first the win, then the draw. It's too bad Black didn't find or sufficiently calculate ...g4!, that was thematic.} 0-1